00561nam a22001937a 450000500170000001000130001702000220003003500130005203700160006504000120008108200150009310000190010824500660012726000420019327000450023530000250028065000310030565000310033620170124105947.0 aA-952502 c00.00a8172245904 aA-952502 bCen Lib/Ret aDPLbEN a270.3bLIT aLitvak, Stuart aSufism :cby Stuart Litvakbthe sufi path to seeking wisdom / aMumbaibJaico Publishing House c1997 a121,Mahatma Gandhi Road bMumbaie400023 axvi,111p. c21cm(Hb) aSufism -- Human tradition  aReligion -- Islam -- India